• 首页
  • 本馆介绍
  • 公告通知
  • 最新文献
  • 馆藏检索
  • 电子资源
  • 读者荐购
  • 参考咨询
  • CALIS
  • 我的图书馆
  • 登录
  • 详细信息显示
  • 放入我的书架
  • 预约/预借图书
  • 作者相关作品
  • 分类相关作品
  • 丛书相关作品
  • 出版社相关作品

书目信息

  • 表格格式
  • 工作单格式
  • 卡片格式
题名:
注册电气工程师自学问答
    
 
作者: 周超 , 王常余 编著
分册:  
出版信息: 北京   机械工业出版社  2005.09
页数: 16, 240页
开本: 19cm
丛书名:
单 册:
中图分类: TM
科图分类:
主题词: 电工技术--dian gong ji shu--考核--问答
电子资源:
ISBN: 7-111-15487-8
 
 
 
 
 
000 00889nam0 2200241 450
001 012006068031
005 20060302155251.71
010    @a7-111-15487-8@dCNY15.00
100    @a20060302d2005 km y0chiy0120 ea
101 0  @achi
102    @aCN@b110000
105    @aa a 000yy
200 1  @a注册电气工程师自学问答@Azhu ce dian qi gong cheng shi zi xue wen da@f周超, 王常余编著@Fzhou chao,wang chang yu bian zhu
210    @a北京@c机械工业出版社@d2005.09
215    @a16, 240页@c图@d19cm
320    @a有书目。
330    @a本书以问答的形式,叙述了工程中的接地问题、SPD等防雷知识、工程中遇到的安装问题、CECS母线槽规程,可供从事工程建设的设计、施工、监理、物业管理工程师参考。
606 0  @a电工技术@Adian gong ji shu@x考核@x问答
690    @aTM@v4
701  0 @a周超@Azhou chao@4编著
701  0 @a王常余@Awang chang yu@4编著
801  0 @aCN@bQSSK@c20060302
905    @a10447@dTM@eZ756
    
    注册电气工程师自学问答/周超, 王常余编著.-北京:机械工业出版社,2005.09
    16, 240页:图;19cm
    
    
    ISBN 7-111-15487-8:CNY15.00
    本书以问答的形式,叙述了工程中的接地问题、SPD等防雷知识、工程中遇到的安装问题、CECS母线槽规程,可供从事工程建设的设计、施工、监理、物业管理工程师参考。
●
相关链接 在E读中查询图书 在当当中查询图书 在豆瓣中查询图书


正题名:注册电气工程师自学问答     索取号:TM/Z756         预约/预借

序号 登录号 条形码 馆藏地/架位号 状态 备注
1 553342   205533421   自科库301/301自科库 1排3列3层/ [索取号:TM/Z756] 已借出,限还日期为2023.03.27
借出人:朱更辉  
 
2 553343   205533430   自科库301/301自科库 2排2列1层/ [索取号:TM/Z756] 在馆    
3 553344   205533449   自科库301/301自科库 2排2列1层/ [索取号:TM/Z756] 在馆    
河南城建学院图书馆 欢迎您!
大连网信软件有限公司© 版权所有